Distribučná sieť subordinovaných subjektov, jej tvorba a udržanie ako know-how samostatného finančného agenta

Príspevok analyzuje otázku, či tvorba a udržiavanie siete podriadených finančných agentov predstavuje know-how samostatného finančného agenta. Služby poskytované finančnými inštitúciami majú isté špecifiká spočívajúce najmä v tom, že sú rôznorodé a nehmotné. Uzatváranie zmluvy o poskytnutí finančnej...

Descripción completa

Guardado en:
Detalles Bibliográficos
Autor principal: Slezáková, Andrea, 1980-
Formato: Capítulo de libro
Lenguaje:eslovaco
Materias:
Etiquetas: Agregar Etiqueta
Sin Etiquetas, Sea el primero en etiquetar este registro!

MARC

LEADER 00000naa a2200000 4500
001 0277862
005 20240502074326.1
041 0 |a slo 
044 |a SK 
245 1 0 |a Distribučná sieť subordinovaných subjektov, jej tvorba a udržanie ako know-how samostatného finančného agenta  |c Andrea Slezáková 
520 |a Príspevok analyzuje otázku, či tvorba a udržiavanie siete podriadených finančných agentov predstavuje know-how samostatného finančného agenta. Služby poskytované finančnými inštitúciami majú isté špecifiká spočívajúce najmä v tom, že sú rôznorodé a nehmotné. Uzatváranie zmluvy o poskytnutí finančnej služby si vyžaduje osobnú interakciu s klientom, resp. v momentálnej pandemickej situácii komunikáciu v online prostredí. 
610 2 0 |a sprostredkovatelia finanční 
610 2 0 |a služby finančné 
610 2 0 |a legislatíva 
610 2 0 |a peniaze 
100 1 |a Slezáková, Andrea, 1980-